Teología y nueva evangelización
Saved in:
| Hovedforfatter: | |
|---|---|
| Format: | Bog |
| Sprog: | spansk |
| Udgivet: |
Bilbao
Universidad Pontificia de Comillas
2005
|
| Udgivelse: | 1a. ed |
| Serier: | Biblioteca de Teología Comillas, 14
|
| Fag: | |
| Tags: |
Tilføj Tag
Ingen Tags, Vær først til at tagge denne postø!
|
MARC
| LEADER | 00000cam a2200000 a 4500 | ||
|---|---|---|---|
| 001 | UCI1429 | ||
| 003 | CL-VaPUC | ||
| 008 | 070629e20050000SP |||||||||||||||||spa|d | ||
| 020 | |a 843301983X | ||
| 082 | 0 | 4 | |a 261 |b URI |2 21 |
| 100 | 0 | |a Uríbarri Bilbao, Gabino |e author |9 521939 | |
| 245 | 1 | 0 | |a Teología y nueva evangelización |
| 250 | |a 1a. ed | ||
| 300 | |a 394 p | ||
| 942 | |c BK | ||
| 945 | |d 20070629 00:00:00 |a jtorresc | ||
| 260 | |a Bilbao |b Universidad Pontificia de Comillas |c 2005 | ||
| 650 | 0 | |a Teología |9 258766 | |
| 650 | 7 | |a NUEVA EVANGELIZACION |2 CL-VaPUC |9 521940 | |
| 650 | 0 | |a Cultura |9 269059 | |
| 650 | 0 | |a Iglesia Católica |9 256114 | |
| 583 | |a last modification |c 20140502 11:50:04 |k Rodrigo Vera | ||
| 490 | 0 | |a Biblioteca de Teología Comillas, 14 | |
| 999 | |c 326252 |d 326250 | ||
| 952 | |0 0 |1 0 |4 0 |6 261_000000000000000_URI_2005 |7 0 |8 A |9 408062 |a BIBTEO |b BIBTEO |d 2019-11-22 |i 4352556 |o 261 URI 2005 |p 4352556 |r 2025-01-17 |w 2019-11-22 |y BK |k ICR | ||
| 952 | |0 0 |1 0 |3 erb |4 0 |6 261_000000000000000_URI_2005 |7 0 |8 A |9 408063 |a BIBTEO |b BIBTEO |i 5071984 |o 261 URI 2005 |p 5071984 |r 2025-01-17 |w 2019-11-22 |y BK |z Catalogado en:20140508 |k ICR | ||